| 000 -LEADER |
| fixed length control field |
00590nam a22002057a 4500 |
| 008 - FIXED-LENGTH DATA ELEMENTS--GENERAL INFORMATION |
| fixed length control field |
131112b xxu||||| |||| 00| 0 eng d |
| 020 ## - INTERNATIONAL STANDARD BOOK NUMBER |
| International Standard Book Number |
0799255393 |
| 041 0# - LANGUAGE CODE |
| Language code of text/sound track or separate title |
eng |
| 080 ## - UNIVERSAL DECIMAL CLASSIFICATION NUMBER |
| Universal Decimal Classification number |
347 |
| Common auxiliary subdivision |
(094.9) |
| 245 ## - TITLE STATEMENT |
| Title |
UK & EC competition documents / |
| Statement of responsibility, etc |
edt. Kristy Middleton |
| 250 ## - |
| -- |
2nd edition |
| 260 ## - |
| -- |
New York : |
| -- |
Oxford university press ; |
| -- |
2002. |
| 300 ## - |
| -- |
646 f. : |
| -- |
22 cm. |
| 500 ## - |
| -- |
Editor's preface : f. [VII] |
| 505 ## - |
| -- |
Includes index |
| 650 ## - |
| -- |
Konkurrenca |
| 650 ## - |
| -- |
Marrëdhënet ekonomike ndërkombëtare |
| 700 1# - |
| -- |
Middleton, Kristy |
| 942 ## - ADDED ENTRY ELEMENTS (KOHA) |
| Source of classification or shelving scheme |
|
| Item type |
Books |